ANAND PUR : THE CITY OF BLISS (Record no. 4297)

MARC details
000 -LEADER
fixed length control field 00351nam a2200145Ia 4500
008 - FIXED-LENGTH DATA ELEMENTS--GENERAL INFORMATION
fixed length control field 150201s2002 xx 000 0 und d
082 ## - DEWEY DECIMAL CLASSIFICATION NUMBER
Classification number 294.6
Item number A2002S
100 ## - MAIN ENTRY--PERSONAL NAME
Personal name SINGH
245 ## - TITLE STATEMENT
Title ANAND PUR : THE CITY OF BLISS
250 ## - EDITION STATEMENT
Edition statement 1ST
260 ## - PUBLICATION, DISTRIBUTION, ETC. (IMPRINT)
Name of publisher, distributor, etc. U.B.S.PUBLISHERS
Place of publication, distribution, etc. DELHI
Date of publication, distribution, etc. 2002
300 ## - PHYSICAL DESCRIPTION
Extent Jan-96
650 ## - SUBJECT ADDED ENTRY--TOPICAL TERM
Topical term or geographic name as entry element GENERAL DENTISTRY
942 ## - ADDED ENTRY ELEMENTS (KOHA)
Source of classification or shelving scheme Dewey Decimal Classification
Koha item type Books
Holdings
Withdrawn status Lost status Source of classification or shelving scheme Damaged status Not for loan Home library Current library Date acquired Source of acquisition Cost, normal purchase price Serial Enumeration / chronology SGTU Bill Number Total Checkouts Full call number Barcode Date last seen Bill Date Koha item type
    Dewey Decimal Classification     SGT Dental Library SGT Dental Library 06/05/2009 CENTRAL STORE 300.00 1 SGTU 99   294.6 A2002S FD5804 09/02/2015 21/02/2013 Books